000 00847nam0a22002651 4500
001 rc\3299132
005 20250609205553.0
021 _aRU
_b[74-100997]
035 _a(NLR Aleph) 007499643
090 _a7661727
_c7661727
100 _a20130115d1974 |||y0rusy50 ca
101 0 _arus
102 _aRU
105 _aa z |||||
200 1 _aРабочий и экономика
_e(Беседы по экономике)
210 _aМосква
_cСтройиздат
_d1974
215 _a176 с.
_cчерт.
_d20
606 _aСтроительные организации
_xЭкономика
_2psbo
606 _aСтроительство в СССР
_2psbo
700 1 _aШуфчук
_bБ.О.
_gБорис Осипович
801 0 _aRU
_bNLR
_gpsbo
801 1 _aRU
_bELAR
_2rusmarc
852 _aNLR
_j74-3/6180
942 _cBOOK
980 _aNB